LIBRARY & INFORMATION CENTRE, KCAET, TAVANUR

ONLINE PUBLIC ACCESS CATALOGUE (OPAC)

Inside USA / (Record no. 6293)

MARC details
000 -LEADER
fixed length control field 00342cam a2200145ua 4500
041 ## - LANGUAGE CODE
Language code of text/sound track or separate title eng
082 ## - DEWEY DECIMAL CLASSIFICATION NUMBER
Classification number 917.3
Item number GUN/IN
100 ## - MAIN ENTRY--AUTHOR NAME
Personal name Gunther, John .
245 ## - TITLE STATEMENT
Title Inside USA /
260 ## - PUBLICATION, DISTRIBUTION, ETC. (IMPRINT)
Place of publication London :
Name of publisher Hamish Hamilton ,
Year of publication 196.
300 ## - PHYSICAL DESCRIPTION
Number of Pages 1121 ; .
942 ## - ADDED ENTRY ELEMENTS (KOHA)
Koha item type Books
Holdings
Withdrawn status Lost status Damaged status Home library Current library Date acquired Full call number Accession Number Koha item type
Withdrawn     KAUAET Central Prison Tavanur 07/04/2012 917.3 3338 Books
free website counter